郵便局のある日本の島 - Statistics

General Stats
  • This quiz has been taken 73 times
  • The average score is 82 of 248
Answer Stats
都道府県 郵便局数 島名 飛行機 架橋 % Correct
新潟県 48 佐渡島 × ×
100%
鹿児島県 44 奄美大島 ×
100%
山口県 1 屋代島(周防大島) ×
100%
兵庫県 53 淡路島 × ×
98%
鹿児島県 28 種子島 ×
96%
34都府県 17174 本州 - - -
94%
7県 2939 九州
94%
北海道 1439 北海道 ×
94%
4県 1057 四国
94%
沖縄県 144 沖縄本島 ×
92%
長崎県 36 対馬 ×
92%
東京都 7 大島(伊豆大島) ×
92%
鹿児島県 14 屋久島 ×
90%
東京都 1 父島 × ×
90%
長崎県 14 壱岐 ×
88%
沖縄県 8 石垣島 × ×
88%
北海道 6 利尻島 ×
88%
東京都 1 母島 × ×
88%
北海道 4 奥尻島 ×
85%
北海道 3 礼文島 × ×
85%
東京都 5 三宅島 ×
81%
長崎県 21 福江島 ×
79%
沖縄県 10 宮古島 × ×
79%
新潟県 1 粟島 × ×
79%
香川県 1 粟島 × ×
79%
香川県 1 小豆島 × ×
79%
東京都 5 八丈島 ×
77%
和歌山県 2 大島(紀伊大島) × ×
77%
東京都 1 青ヶ島 ×
77%
愛媛県 3 大島(伊予大島) ×
75%
長崎県 2 的山大島 × ×
75%
沖縄県 2 与那国島 ×
75%
宮城県 1 大島(気仙沼大島) × ×
75%
東京都 1 利島 ×
75%
山口県 1 大島(萩大島) × ×
75%
香川県 1 大島(庵治大島) × ×
75%
愛媛県 1 大島(八幡浜大島) × ×
75%
愛媛県 1 大島(新居大島) × ×
75%
福岡県 1 大島(筑前大島) × ×
75%
長崎県 1 大島(肥前大島) ×
75%
大分県 1 大島(豊後大島) × ×
75%
東京都 1 御蔵島 ×
71%
沖縄県 1 南大東島 ×
71%
沖縄県 1 北大東島 ×
71%
鹿児島県 23 徳之島 ×
69%
東京都 2 新島 ×
69%
鹿児島県 8 沖永良部島 ×
67%
広島県 1 厳島(宮島) × ×
67%
広島県 4 江田島 ×
65%
鹿児島県 3 与論島 ×
65%
熊本県 26 天草上島 × ×
63%
沖縄県 2 西表島 × ×
63%
東京都 1 神津島 ×
63%
熊本県 44 天草下島
60%
鹿児島県 9 喜界島 ×
60%
広島県 1 豊島 × ×
60%
香川県 1 豊島 × ×
60%
兵庫県 1 家島 × ×
56%
広島県 9 因島 ×
54%
広島県 9 大崎上島 × ×
54%
愛媛県 3 中島 × ×
54%
沖縄県 3 久米島 ×
54%
香川県 2 直島 × ×
54%
島根県 15 島後 ×
52%
島根県 3 西ノ島 × ×
52%
沖縄県 1 竹富島 × ×
52%
沖縄県 1 伊江島 × ×
50%
沖縄県 1 波照間島 × ×
50%
石川県 4 能登島 × ×
48%
愛媛県 3 伯方島 ×
48%
長崎県 1 松島 × ×
48%
鹿児島県 1 悪石島 × ×
48%
沖縄県 1 粟国島 × ×
48%
長崎県 15 平戸島 × ×
46%
広島県 7 向島 ×
46%
高知県 2 沖の島 × ×
46%
長崎県 1 小値賀島 × ×
46%
大分県 1 姫島 × ×
46%
鹿児島県 1 口永良部島 × ×
46%
鹿児島県 6 長島 ×
44%
鹿児島県 5 下甑島 × ×
44%
山口県 4 長島 × ×
44%
鹿児島県 4 上甑島 × ×
44%
岡山県 2 長島 × ×
44%
北海道 1 天売島 × ×
44%
鹿児島県 1 硫黄島 × ×
44%
鹿児島県 1 竹島 × ×
44%
沖縄県 1 多良間島 ×
44%
広島県 4 大崎下島 ×
42%
鹿児島県 3 桜島 ×
42%
北海道 1 焼尻島 × ×
42%
徳島県 1 高島 × ×
42%
長崎県 1 高島 × ×
42%
沖縄県 1 座間味島 × ×
42%
沖縄県 1 渡名喜島 × ×
42%
愛媛県 6 大三島 ×
40%
山形県 1 飛島 × ×
40%
滋賀県 1 沖島 × ×
40%
広島県 5 生口島 ×
38%
鹿児島県 2 黒島 × ×
35%
兵庫県 1 沼島 × ×
35%
沖縄県 1 渡嘉敷島 × ×
35%
沖縄県 1 伊平屋島 × ×
35%
沖縄県 1 黒島 × ×
35%
山口県 1 見島 × ×
33%
沖縄県 1 伊是名島 × ×
33%
東京都 1 式根島 × ×
31%
愛知県 1 日間賀島 × ×
31%
島根県 1 知夫里島 × ×
31%
香川県 1 広島 × ×
31%
香川県 1 与島 × ×
31%
鹿児島県 1 中之島 × ×
31%
鹿児島県 1 宝島 × ×
29%
長崎県 18 中通島 × ×
27%
広島県 4 上蒲刈島 × ×
27%
神奈川県 1 江の島 × ×
27%
広島県 1 下蒲刈島 × ×
27%
愛媛県 1 戸島 × ×
27%
広島県 9 倉橋島 × ×
25%
三重県 2 答志島 × ×
25%
岡山県 1 白石島 × ×
25%
香川県 1 本島 × ×
25%
福岡県 1 志賀島 × ×
25%
島根県 5 中ノ島 × ×
23%
広島県 2 田島 × ×
23%
長崎県 2 福島 ×
23%
愛知県 1 佐久島 × ×
23%
三重県 1 神島 × ×
23%
兵庫県 1 坊勢島 × ×
23%
香川県 1 男木島 × ×
23%
香川県 1 女木島 × ×
23%
長崎県 3 奈留島 × ×
21%
岡山県 2 北木島 × ×
21%
愛知県 1 篠島 × ×
21%
鹿児島県 1 中甑島 × ×
21%
鹿児島県 4 加計呂麻島 × ×
19%
長崎県 2 鷹島 ×
19%
鹿児島県 1 諏訪之瀬島 × ×
19%
鹿児島県 1 小宝島 × ×
19%
山口県 7 彦島 × ×
17%
長崎県 2 宇久島 × ×
17%
長崎県 2 若松島 × ×
17%
三重県 1 賢島 × ×
17%
広島県 1 似島 × ×
17%
山口県 1 角島 × ×
17%
徳島県 1 伊島 × ×
17%
愛媛県 1 魚島 × ×
17%
福岡県 1 能古島 × ×
17%
長崎県 1 江島 × ×
17%
長崎県 1 平島 × ×
17%
鹿児島県 1 平島 × ×
17%
沖縄県 1 鳩間島 × ×
17%
熊本県 7 大矢野島 × ×
15%
沖縄県 2 伊良部島 × ×
15%
沖縄県 1 宮城島 × ×
15%
広島県 10 能美島 ×
13%
長崎県 3 生月島 × ×
13%
愛媛県 2 弓削島 × ×
13%
熊本県 2 御所浦島 × ×
13%
愛媛県 1 岩城島 × ×
13%
福岡県 1 相島 × ×
13%
沖縄県 1 阿嘉島 × ×
13%
愛媛県 2 興居島 × ×
10%
長崎県 2 久賀島 × ×
10%
岡山県 1 真鍋島 × ×
10%
広島県 1 鹿島 × ×
10%
山口県 1 八島 × ×
10%
愛媛県 1 岡村島 ×
10%
長崎県 1 伊王島 × ×
10%
長崎県 1 池島 × ×
10%
大分県 1 保戸島 × ×
10%
長崎県 2 椛島 × ×
8%
三重県 1 菅島 × ×
8%
広島県 1 百島 × ×
8%
山口県 1 野島 × ×
8%
香川県 1 櫃石島 × ×
8%
愛媛県 1 生名島 × ×
8%
長崎県 1 崎戸島 × ×
8%
熊本県 1 湯島 × ×
8%
鹿児島県 1 口之島 × ×
8%
鹿児島県 1 請島 × ×
8%
鹿児島県 1 与路島 × ×
8%
島根県 1 大根島 × ×
6%
広島県 1 佐木島 × ×
6%
広島県 1 走島 × ×
6%
広島県 1 横島 × ×
6%
山口県 1 笠戸島 × ×
6%
徳島県 1 大毛島 × ×
6%
徳島県 1 出羽島 × ×
6%
香川県 1 高見島 × ×
6%
愛媛県 1 二神島 × ×
6%
愛媛県 1 津和地島 × ×
6%
愛媛県 1 野忽那島 × ×
6%
愛媛県 1 佐島 × ×
6%
長崎県 1 度島 × ×
6%
沖縄県 1 平安座島 × ×
6%
沖縄県 1 小浜島 × ×
6%
鹿児島県 2 獅子島 × ×
4%
三重県 1 渡鹿野島 × ×
4%
山口県 1 青海島 × ×
4%
山口県 1 浮島 × ×
4%
山口県 1 祝島 × ×
4%
香川県 1 伊吹島 × ×
4%
愛媛県 1 日振島 × ×
4%
高知県 1 柏島 × ×
4%
長崎県 1 樺島 × ×
4%
大分県 1 大入島 × ×
4%
宮崎県 1 島野浦島(島浦島) × ×
4%
愛媛県 2 怒和島 × ×
2%
沖縄県 2 屋我地島 × ×
2%
宮城県 1 網地島 × ×
2%
三重県 1 坂手島 × ×
2%
三重県 1 間崎島 × ×
2%
広島県 1 岩子島 × ×
2%
広島県 1 阿多田島 × ×
2%
山口県 1 柱島 × ×
2%
山口県 1 平郡島 × ×
2%
山口県 1 大津島 × ×
2%
山口県 1 沖家室島 × ×
2%
愛媛県 1 睦月島 × ×
2%
愛媛県 1 大下島 × ×
2%
愛媛県 1 九島 × ×
2%
福岡県 1 玄界島 × ×
2%
佐賀県 1 神集島 × ×
2%
長崎県 1 嵯峨ノ島 × ×
2%
長崎県 1 蛎浦島 ×
2%
熊本県 1 樋島 × ×
2%
熊本県 1 通詞島 × ×
2%
沖縄県 1 津堅島 × ×
2%
沖縄県 1 奥武島 × ×
2%
沖縄県 1 久高島 × ×
2%
熊本県 2 維和島 × ×
0%
宮城県 1 桂島 × ×
0%
宮城県 1 宮戸島 × ×
0%
岡山県 1 頭島 ×
0%
佐賀県 1 加部島 × ×
0%
佐賀県 1 小川島 × ×
0%
佐賀県 1 馬渡島 × ×
0%
長崎県 1 有福島 × ×
0%
熊本県 1 樋合島 × ×
0%
熊本県 1 野釜島 × ×
0%
熊本県 1 戸馳島 × ×
0%
熊本県 1 下須島 × ×
0%
熊本県 1 横浦島 × ×
0%
熊本県 1 牧島 × ×
0%
鹿児島県 1 伊唐島 × ×
0%
鹿児島県 1 諸浦島 ×
0%
沖縄県 1 池間島 × ×
0%
No matching quizzes found
Score Distribution
Percent of People with Each Score
Percentile by Number Answered
Your Score History
You have not taken this quiz